00279nam a22001217a 4500003000400000020001800004082001400022100001600036245004300052260003900095300000800134650001500142SGT a9788196069025 a612bM25J aJain, A. K. aManual of Practical Physiology for BDS aDelhi, IndiabArya Pub. Co. c2025 a214 aPhysiology